Normal view
MARC view
- تاليف العزام، أمجد حسن، م.مشارك عمر جوابره الملكاوي
Entry Personal Name
001 - CONTROL NUMBER
- control field: 51361
003 - CONTROL NUMBER IDENTIFIER
- control field: JO-AjAnu
005 - DATE AND TIME OF LATEST TRANSACTION
- control field: 20230606082441.0
008 - FIXED-LENGTH DATA ELEMENTS
- fixed length control field: 230606|| aca||aabn | a|a d
040 ## - CATALOGING SOURCE
- Original cataloging agency: JO-AjAnu
- Transcribing agency: JO-AjAnu
100 ## - HEADING--PERSONAL NAME
- Personal name: تاليف العزام، أمجد حسن، م.مشارك عمر جوابره الملكاوي
670 ## - SOURCE DATA FOUND
- Source citation: Work cat.: (JO-AjAnu)26249: تاليف العزام، أمجد حسن، م.مشارك عمر جوابره الملكاوي, author, التشريعات السياحية والفندقية